[Event "Subang Jaya op 12th"]
[Site "Subang Jaya"]
[Date "2024.01.27"]
[Round "1"]
[White "Md Azura, Muhd Ayzad Irfan"]
[Black "Syawal, Aqmar Shahrir Ariff"]
[Result "0-1"]
[WhiteElo "1065"]
[BlackElo "1452"]
[PlyCount "118"]
[EventDate "2024.01.27"]
[EventType "swiss"]
[EventRounds "8"]
[EventCountry "MAS"]
[SourceTitle "CB06_2024"]
[SourceDate "2024.02.07"]
[SourceVersion "1"]
[SourceVersionDate "2024.02.07"]
[SourceQuality "1"]

1. d4 d6 2. c4 e5 3. dxe5 dxe5 4. Qxd8+ Kxd8 5. a3 Be6 6. e3 a5 7. b3 Nd7 8. Bb2 f6 9. Nf3 Nb6 10. Nbd2 c6 11. Be2 Nh6 12. 0-0 Be7 13. Rfd1 Kc7 14. Rac1 Nd7 15. Ne4 Nf7 16. Rd2 g5 17. Rcd1 g4 18. Ne1 f5 19. Ng3 Nc5 20. b4 axb4 21. axb4 Na4 22. c5 Nxb2 23. Rxb2 h5 24. Bd3 e4 25. Bf1 Bf6 26. Rbb1 Be5 27. Rd2 Ng5 28. Ne2 h4 29. Nf4 Bf7 30. b5 cxb5 31. Bxb5 Rhd8 32. Rxd8 Rxd8 33. Nc2 h3 34. Kf1 hxg2+ 35. Kxg2 Nf3 36. Ne1 Bxf4 37. exf4 Rh8 38. Nxf3 gxf3+ 39. Kg3 Rg8+ 40. Kh3 Bh5 41. Bf1 Rg1 42. Kh4 Bf7 43. Rc1 Be8 44. Rb1 Ba4 45. Kh3 Bc2 46. Rb2 Rxf1 47. Rxc2 Rg1 48. Rc3 Rg2 49. Rc2 e3 50. Rc3 e2 51. Rxf3 Rxh2+ 52. Kxh2 e1Q 53. Kg2 Qe4 54. Kg3 Kc6 55. Rc3 Qe1 56. Rc2 Qg1+ 57. Kf3 Kd5 58. Ke3 Qh1 59. f3 Qg1+ 0-1